000 00455nam a2200181Ia 4500
008 170918s9999 xx 000 0 und d
020 _a9780740791116
050 _bK596 2010
100 _aKirkman, Rick
245 _aWe were here first /
245 _cby Rick Kirkman and Jerry Scott.
260 _aMissouri :
260 _bAndrews McMeel Publishing,
260 _c2010
300 _a128 pages :
300 _billustrations ;
300 _c22cm.
999 _c343734
_d343734